000 00592nam a2200193 u 4500
005 20240920064439.0
008 170303s2003 ch r 000 0 eng d
020 _a9568302026
035 _aUPN01000216488
049 _aUNE
050 4 _aLB41
_bA3.4
245 0 0 _aAchieving the educational goals :
_bregional report .
260 _aSantiago de Chile :
_bUNESCO,
_c2003.
300 _a75 p. :
_bgráfs. col., tablas
500 _a"Summit of the americas : regional education indicators project"
650 4 _aEducación
_xFines y objetivos
_94837
905 _aLibro
999 _c188588
_d188588